| 000 | 01134nam a22002777a 4500 | ||
|---|---|---|---|
| 999 |
_c65996 _d65996 |
||
| 005 | 20240530110854.0 | ||
| 008 | 201102s2019 ua a g b 000 0dara d | ||
| 017 |
_a2019/19714 _bمصر. دار الكتب |
||
| 020 | _a9789773195229 | ||
| 040 |
_aEG-CaGPL _cEG-CaGPL |
||
| 082 | 0 | 4 |
_221 _a327.519/ _bف ع |
| 100 | 0 | _aفردوس محمد عبدالباقى | |
| 245 | 1 | 2 |
_aالعلاقات بين الكوريتين ومصالح القوى الكبرى / _cفردوس محمد عبدالباقى |
| 250 | _aط.1 | ||
| 260 |
_aالقاهرة : _bالعربى للنشر و التوزيع، _c2019 |
||
| 300 |
_a240 ص. ؛ _c24 سم. |
||
| 504 | _aيشتمل على ارجاعات ببليوجرافية | ||
| 650 | _2qrmak | ||
| 651 | 0 | 7 |
_2qrmak _aكوريا _xتاريخ |
| 651 | 0 | 7 |
_aكوريا _xالاحوال السياسية _2qrmak |
| 651 | 0 | 7 |
_aكوريا _xالعلاقات الخارجية _zامريكا _2qrmak |
| 651 | 0 | 7 |
_aكوريا الجنوبية _xتاريخ _2qrmak |
| 651 | 0 | 7 |
_aكوريا الشمالية _xتاريخ _2qrmak |
| 942 |
_2ddc _cBK |
||